Quality management / (Record no. 96)

MARC details
000 -LEADER
fixed length control field 00815nam a2200253 a 4500
001 - CONTROL NUMBER
control field 96
005 - DATE AND TIME OF LATEST TRANSACTION
control field 20221127085842.0
008 - FIXED-LENGTH DATA ELEMENTS--GENERAL INFORMATION
fixed length control field 050920s lxxua | 00100 eng d
020 ## - INTERNATIONAL STANDARD BOOK NUMBER
International Standard Book Number 0073662631(hpb) :
Terms of availability SR469.00
035 ## - SYSTEM CONTROL NUMBER
System control number 106
082 04 - DEWEY DECIMAL CLASSIFICATION NUMBER
Classification number 658.4013
Item number Q25 2005
245 00 - TITLE STATEMENT
Title Quality management /
Statement of responsibility, etc. Howard S. Gitlow ... [et al.].
250 ## - EDITION STATEMENT
Edition statement 3rd ed.
260 ## - PUBLICATION, DISTRIBUTION, ETC.
Place of publication, distribution, etc. Boston, Mass. :
Name of publisher, distributor, etc. McGraw-Hill,
Date of publication, distribution, etc. 2005.
300 ## - PHYSICAL DESCRIPTION
Extent xviii, 797 p. :
Other physical details ill. ;
Dimensions 24 cm.
Accompanying material 2 CD.
440 #0 - SERIES STATEMENT/ADDED ENTRY--TITLE
Title McGraw-Hill/Irwin series in operations and decision sciences.
500 ## - GENERAL NOTE
General note Includes bibl. references and index.
500 ## - GENERAL NOTE
General note Rev. ed. of : 1995.
650 #4 - SUBJECT ADDED ENTRY--TOPICAL TERM
Topical term or geographic name entry element Total quality management.
650 #4 - SUBJECT ADDED ENTRY--TOPICAL TERM
Topical term or geographic name entry element Product management.
650 #4 - SUBJECT ADDED ENTRY--TOPICAL TERM
Topical term or geographic name entry element Quality control
General subdivision Standards.
650 #4 - SUBJECT ADDED ENTRY--TOPICAL TERM
Topical term or geographic name entry element Quality function development.
700 0# - ADDED ENTRY--PERSONAL NAME
Personal name Gitlow, Howard S.
Holdings
Withdrawn status Lost status Source of classification or shelving scheme Damaged status Not for loan Home library Current library Date acquired Total Checkouts Full call number Barcode Date last seen Copy number Price effective from Koha item type
          CENTRAL CENTRAL 11/27/2022   658.4013 Q25 2005 1000000001650 11/27/2022 C2 11/27/2022 Book
          CENTRAL CENTRAL 11/27/2022   658.4013 Q25 2005 1000000005015 11/27/2022 C3 11/27/2022 CD
          CENTRAL CENTRAL 11/27/2022   658.4013 Q25 2005 1000000005016 11/27/2022 C4 11/27/2022 CD
          KHOBAR KHOBAR 11/27/2022   658.4013 Q25 2005 1000000001649 11/27/2022 C1 11/27/2022 Book